Dopasuj flagę do państwa - nagła śmierć - Statystyki

Ogólne statystyki
  • Ten quiz został rozwiązany 92 razy
  • Średni wynik to 11 z 20
Answers on the Grid
Answers color-coded by a green-red scale on the quiz's grid according to % correct below.
Rosja
Czechy
Rumunia
Korea Południowa
Filipiny
Burkina Faso
Algieria
Gruzja
Indonezja
Indonezja
Kirgistan
Bahrajn
Mali
Kosowo
Sudan Południowy
Stany Zjednoczone
Australia
Jemen
Iran
Libia
Szwajcaria
Watykan
Kongo
Słowacja
Białoruś
Urugwaj
Afganistan
Korea Północna
Litwa
Tunezja
Boliwia
Wenezuela
Ekwador
Kiribati
Honduras
 
Statystyki odpowiedzi
Odpowiedź % Poprawnych
Gruzja
73%
Korea Północna
71%
Białoruś
69%
Stany Zjednoczone
68%
Rosja
66%
Szwajcaria
65%
Litwa
60%
Korea Południowa
60%
Indonezja
55%
Iran
48%
Filipiny
48%
Wenezuela
47%
Ekwador
47%
Bahrajn
44%
Mali
44%
Libia
42%
Boliwia
40%
Kiribati
40%
Jemen
39%
Honduras
37%
Nie znaleziono quizów pasujących do podanych kryteriów
Rozkład punktacji
Procent ludzi z każdym wynikiem
Percentyl według liczby udzielonych odpowiedzi
Twoja historia wyników
Nie rozwiązałeś tego quizu